Encounters with the invisible : (Record no. 1429767)
[ view plain ]
| 000 -LEADER | |
|---|---|
| fixed length control field | 01631nam a2200217Ia 4500 |
| 005 - DATE AND TIME OF LATEST TRANSACTION | |
| control field | 20250605164815.0 |
| 008 - FIXED-LENGTH DATA ELEMENTS--GENERAL INFORMATION | |
| fixed length control field | 008 250516s9999 xx 000 0 eng d |
| 020 ## - INTERNATIONAL STANDARD BOOK NUMBER | |
| International Standard Book Number | 9781032932194 |
| 040 ## - CATALOGING SOURCE | |
| Original cataloging agency | SDCL |
| Language of cataloging | eng |
| Transcribing agency | SDCL |
| 041 ## - LANGUAGE CODE | |
| Language code of text/sound track or separate title | eng |
| Source of code | eng |
| 084 ## - COLON CLASSIFICATION NUMBER | |
| Classification number | V4497'P R4 |
| Assigning agency | SDCL |
| 245 #0 - TITLE STATEMENT | |
| Title | Encounters with the invisible : |
| Remainder of title | Revisiting spirit possession in the himalayas |
| 260 ## - PUBLICATION, DISTRIBUTION, ETC. | |
| Place of publication, distribution, etc. | London : |
| Name of publisher, distributor, etc. | Routledge, |
| Date of publication, distribution, etc. | 2024. |
| 300 ## - PHYSICAL DESCRIPTION | |
| Extent | xvi, 290p. |
| 365 ## - TRADE PRICE | |
| Price type code | INR |
| Price amount | 1595 |
| 520 ## - SUMMARY, ETC. | |
| Summary, etc. | This volume considers spirit possession in the Himalayas and the various ways in which invisible powers are made present. It does so by examining material representations of these powers through artefacts, animals, plants and natural substances, while also focusing on narratives of people’s encounters with the invisible that may help them to reconfigure reality. Through these two approaches, the contributions examine new phenomena associated with the concepts of "possession" and "shamanism", which otherwise tend to lead research into well-worn furrows. The book addresses a range of themes, including the gods of the Western Himalayas, death and ritual dissolution among Hyolmo Buddhists in Nepal, gods and rivers as legal persons in India, and the problem of conversion disorder in Nepal.<br/><br/>Rich in ethnography, this book will be indispensable for scholars and researchers of anthropology, religion, spiritualism, sociology of religion, Himalayan studies, sociology and South Asia. |
| 650 ## - SUBJECT ADDED ENTRY--TOPICAL TERM | |
| Topical term or geographic name entry element | History- Himalaya- India |
| 9 (RLIN) | 811970 |
| 700 ## - ADDED ENTRY--PERSONAL NAME | |
| Personal name | Lecomte-Tilouine, Marie |
| 9 (RLIN) | 809704 |
| 700 ## - ADDED ENTRY--PERSONAL NAME | |
| Personal name | Sales, Anne de |
| 9 (RLIN) | 811971 |
| 942 ## - ADDED ENTRY ELEMENTS (KOHA) | |
| Koha item type | Textual |
| Source of classification or shelving scheme | Colon Classification (CC) |
| Suppress in OPAC | No |
| Withdrawn status | Lost status | Source of classification or shelving scheme | Damaged status | Not for loan | Home library | Current library | Date acquired | Source of acquisition | Inventory number | Total Checkouts | Full call number | Barcode | Date last seen | Price effective from | Koha item type |
|---|---|---|---|---|---|---|---|---|---|---|---|---|---|---|---|
| Colon Classification (CC) | South Campus Library | South Campus Library | 2025-05-22 | Classic Book Service | 188, 27/12/2024 | V4497'P R4 | SC1690901 | 2025-05-22 | 2025-05-22 | Textual |
